Bilecik Bilecik Bilecik Bilecik Bilecik

İşletme, iktisat, yaşam bilimleri ve sosyal bilimler için genel matematik/ (Record no. 51206)

MARC details
000 -BAŞLIK
Sabit Uzunluktaki Kontrol Alanı 01179nam a22003497a 4500
001 - KONTROL NUMARASI
Control Dosyası 0051382
003 - KONTROL NUMARASI KİMLİĞİ
Kontrol Alanı KOHA_MİRAKIL
005 - EN SON İŞLEM TARİHİ ve ZAMANI
Kontrol Alanı 20260207003804.0
007 - FİZİKSEL TANIM SABİT ALAN - GENEL BİLGİ
Sabit uzunluklu kontrol alanı ta
008 - SABİT UZUNLUKTAKİ VERİ ÖGELERİ - GENEL BİLGİ
Sabit Alan 190311b2013 xx a|||gr||||#0|||0|tur |
020 ## - ISBN - ULUSLARARASI STANDART KİTAP NUMARASI
Isbn 9786051331683
040 ## - KATALOGLAMA KAYNAĞI
Özgün Kataloglama Kurumu TR-BiSEU
Kataloglama Dili tur
Çeviri Kurumu TR-BiSEU
Açıklama Kuralları rda
041 0# - DİL KODU
Metin ya da ses kaydının dil kodu tur
044 ## - YAYINLAYAN/ÜRETEN KURULUŞUN ÜLKE KODU
ISO country code tu
050 ## - SINIFLAMA ve YER NUMARASI
Sınıflama Numarası QA303
Yer Numarası .B37 2013
100 1# - KİŞİ ADI
Yazar Adı (Kişi adı) Barnett, Mond A..
245 1# - ESER ADI BİLDİRİMİ
Başlık İşletme, iktisat, yaşam bilimleri ve sosyal bilimler için genel matematik/
Sorumluluk Bildirimi Mond A. Barnett ; Mond A. Barnett, Michael R. Ziegler, Karl E. Byleen; çeviri editörü Arif Sabuncuoğlu.
250 ## - BASIM BİLDİRİMİ
Basım Bildirimi 12. Basımdan Çeviri
264 #1 - ÜRERİM, YAYIN, DAĞITIM ve TELİF BİLDİRİMİ
Yayın yeri Ankara :
Yayınlayan Nobel Akademik Yayıncılık
Yayın tarihi 2013
300 ## - FİZİKSEL TANIMLAMA
Sayfa, Cilt vb. XVI, 658 sayfa :
Diğer fiziki detaylar resimli ;
Boyutları 27 cm.
336 ## - İÇERİK TÜRÜ
Content type term metin
Content type code txt
Source rdacontent
337 ## - MEDYA TÜRÜ
Media type term aracısız
Media type code n
Source rdamedia
338 ## - TAŞIYICI TÜRÜ
Carrier type term cilt
Carrier type code nc
Source rdacarrier
490 1# - DİZİ BİLDİRİMİ
Dizi Bildirimi Nobel Akademik yayın nu ;
Cilt Numarası 266.
490 1# - DİZİ BİLDİRİMİ
Dizi Bildirimi Matematik-İstatistik nu ;
Cilt Numarası 8.
500 ## - GENEL NOT
Genel Not Dizin var.
500 ## - GENEL NOT
Genel Not Kaynakça var.
650 #0 - KONU BAŞLIĞI EK GİRİŞ - KONU TERİMİ
Konusal terim veya coğrafi ad Matematik.
9 (RLIN) 1486
830 1# - SERİ EK GİRİŞİ - TEKBİÇİM ESER ADI
Tekbiçim Başlık Nobel Akademik yayın nu ;
Volume number/sequential designation 266.
9 (RLIN) 95519
830 1# - SERİ EK GİRİŞİ - TEKBİÇİM ESER ADI
Tekbiçim Başlık Matematik-İstatistik nu ;
Volume number/sequential designation 8.
9 (RLIN) 76428
942 ## - EK GİRİŞ ÖGELERİ (KOHA)
Source of classification or shelving scheme Library of Congress Classification
Koha item type Book
Holdings
Materyal Türü Kalıcı Konum Mevcut Konum Raf Yeri Sınıflandırma Kaynağı Edinim Bilgisi Ana Konular Alt Konular Yer Numarası Demirbaş Numarası Fatura Tarihi Maliyet, Alış Fiyatı Maliyet, Yenileme Fiyatı Geri Çekilme Durumu Kayıp Durumu Hasarlı Durumu Kredi için değil Kayıt Tarih Toplam Ödünçverme Son Görülme Tarihi Son Kontrol Tarihi Satın Alma Notu Genel / Bağış Notu
Book BŞEÜ Bozüyük MYO Kütüphanesi BŞEÜ Bozüyük MYO Kütüphanesi   Library of Congress Classification Bağış BİLİM Matematik QA303 .B37 2013 0064478 02/02/2026             11/03/2019   07/05/2025 07/05/2025   Genel Bağış
Book BŞEÜ Söğüt MYO Kütüphanesi BŞEÜ Söğüt MYO Kütüphanesi   Library of Congress Classification Bağış BİLİM Matematik QA303 .B37 2013 0064544 02/02/2026             11/03/2019   07/05/2025 07/05/2025   Genel Bağış
Book Prof. Dr. Azmi Özcan Kütüphanesi Prof. Dr. Azmi Özcan Kütüphanesi Birûni Salonu Library of Congress Classification Satın BİLİM Matematik QA303 .B37 2013 0051382 07/07/2015 31.02 31.02         29/06/2015 16 07/05/2025 07/05/2025 B-984687 - B-984797  
Book Prof. Dr. Azmi Özcan Kütüphanesi Prof. Dr. Azmi Özcan Kütüphanesi Birûni Salonu Library of Congress Classification Bağış BİLİM Matematik QA303 .B37 2013 0058452 02/02/2026             15/06/2016 10 07/05/2025 07/05/2025   Demet Aksoy
Book Prof. Dr. Azmi Özcan Kütüphanesi Prof. Dr. Azmi Özcan Kütüphanesi Birûni Salonu Library of Congress Classification Bağış BİLİM Matematik QA303 .B37 2013 0062361 02/02/2026             18/07/2018 7 07/05/2025 07/05/2025   Genel Bağış